000 00268nam a22001217a 4500
082 _a425
_bMET/I
100 _aMETCALFE, J. E
245 _aIMPROVE YOUR ENGLISH
260 _aUK
_bELIOT RIGHT WAY BOOKS
300 _a188
650 _aIMPROVE ENGLISH
_zUK
942 _cBK
999 _c4120
_d4120